Tratado de climatología aplicada a la ingeniería medioambiental / (Registro nro. 52706)

Detalles MARC
000 -LEADER
campo de control de longitud fija 03786cam a22006974i 4500
001 - NÚMERO DE CONTROL
campo de control u50285
003 - IDENTIFICADOR DE NÚMERO DE CONTROL
campo de control PE-LiUPU
005 - FECHA Y HORA DE LA ÚLTIMA TRANSACCIÓN
campo de control 20250731180145.0
008 - DATOS DE LONGITUD FIJA--INFORMACIÓN GENERAL
campo de control de longitud fija 150707s2002 sp a ra 001 0 spa d
020 ## - NÚMERO INTERNACIONAL ESTÁNDAR DEL LIBRO
Número Internacional Estándar del Libro 8484760073
035 ## - NÚMERO DE CONTROL DEL SISTEMA
Número de control de sistema (Sirsi) i9788484760078
035 ## - NÚMERO DE CONTROL DEL SISTEMA
Número de control de sistema (Sirsi) 46263
035 ## - NÚMERO DE CONTROL DEL SISTEMA
Número de control de sistema (Sirsi) 46263
082 04 - NÚMERO DE LA CLASIFICACIÓN DECIMAL DEWEY
Número de clasificación 551.6
Cutter S39 2002
082 04 - NÚMERO DE LA CLASIFICACIÓN DECIMAL DEWEY
Número de clasificación 551.6
Cutter S39
Número de edición 20
100 1# - ENTRADA PRINCIPAL--NOMBRE DE PERSONA
Nombre de persona Seoánez Calvo, Mariano,
Término indicativo de función/relación autor.
245 ## - MENCIÓN DEL TÍTULO
Título Tratado de climatología aplicada a la ingeniería medioambiental /
Mención de responsabilidad, etc. Fmariano Seoánez Calvo ; Elena Bellas Velasco [y otros dieciséis] (colaboradores).
264 #1 - PRODUCCIÓN, PUBLICACIÓN, DISTRIBUCIÓN, FABRICACIÓN Y COPYRIGHT
Producción, publicación, distribución, fabricación y copyright Madrid :
Nombre del de productor, editor, distribuidor, fabricante Ediciones Mundi-Prensa,
Fecha de producción, publicación, distribución, fabricación o copyright 2002
300 ## - DESCRIPCIÓN FÍSICA
Extensión 734 páginas :
Otras características físicas ilustraciones ;
Dimensiones 24 centímetros.
336 ## - TIPO DE CONTENIDO
Término de tipo de contenido text
Fuente rdacontent
337 ## - TIPO DE MEDIO
Nombre/término del tipo de medio unmediated
Fuente rdamedia
338 ## - TIPO DE SOPORTE
Nombre/término del tipo de soporte volume
Fuente rdacarrier
490 0# - MENCIÓN DE SERIE
Mención de serie Colección Ingeniería del Medio Ambiente
500 ## - NOTA GENERAL
Nota general Bibliografía: páginas 701-720.
504 ## - NOTA DE BIBLIOGRAFÍA, ETC.
Nota de bibliografía, etc. Índice: páginas 723-734.
505 0# - NOTA DE CONTENIDO CON FORMATO
Nota de contenido con formato El clima y el medio ambiente. Bases de partida -- Ciencias y tecnologías de base. Aplicaciones en el análisis climático -- La atmósfera, el clima y el medio ambiente -- Radiación solar. Calor y temperatura. Análisis y sistemas de estud
526 ## - NOTA DE INFORMACIÓN SOBRE EL PROGRAMA DE ESTUDIO
Nombre del programa Segunda Especialidad En Estadística Aplicada Para Investigación (A Distancia)
526 ## - NOTA DE INFORMACIÓN SOBRE EL PROGRAMA DE ESTUDIO
Nombre del programa Segunda Especialidad En Estadística Aplicada Para Investigación
526 ## - NOTA DE INFORMACIÓN SOBRE EL PROGRAMA DE ESTUDIO
Nombre del programa Odontología
526 ## - NOTA DE INFORMACIÓN SOBRE EL PROGRAMA DE ESTUDIO
Nombre del programa Tecnología Médica En Terapia Física Y Rehabilitación (A Distancia)
526 ## - NOTA DE INFORMACIÓN SOBRE EL PROGRAMA DE ESTUDIO
Nombre del programa Tecnología Médica En Terapia Física Y Rehabilitación (Semipresencial)
526 ## - NOTA DE INFORMACIÓN SOBRE EL PROGRAMA DE ESTUDIO
Nombre del programa Tecnología Médica En Laboratorio Clínico Y Anatomía Patológica
526 ## - NOTA DE INFORMACIÓN SOBRE EL PROGRAMA DE ESTUDIO
Nombre del programa Ingeniería De Ciencia De Datos E Inteligencia Artificial
526 ## - NOTA DE INFORMACIÓN SOBRE EL PROGRAMA DE ESTUDIO
Nombre del programa Ingeniería Ambiental (Semipresencial)
526 ## - NOTA DE INFORMACIÓN SOBRE EL PROGRAMA DE ESTUDIO
Nombre del programa Nutrición humana
526 ## - NOTA DE INFORMACIÓN SOBRE EL PROGRAMA DE ESTUDIO
Nombre del programa Medicina humana
526 ## - NOTA DE INFORMACIÓN SOBRE EL PROGRAMA DE ESTUDIO
Nombre del programa Ingeniería de industrias alimentarias
526 ## - NOTA DE INFORMACIÓN SOBRE EL PROGRAMA DE ESTUDIO
Nombre del programa Ingeniería civil
526 ## - NOTA DE INFORMACIÓN SOBRE EL PROGRAMA DE ESTUDIO
Nombre del programa Ingeniería ambiental
526 ## - NOTA DE INFORMACIÓN SOBRE EL PROGRAMA DE ESTUDIO
Nombre del programa Enfermería
526 ## - NOTA DE INFORMACIÓN SOBRE EL PROGRAMA DE ESTUDIO
Nombre del programa Educación secundaria, especialidad matemática e informática
526 ## - NOTA DE INFORMACIÓN SOBRE EL PROGRAMA DE ESTUDIO
Nombre del programa Educación secundaria, especialidad ambiental, biología y química
596 ## -
-- 1 2
650 14 - PUNTO DE ACCESO ADICIONAL DE MATERIA--TÉRMINO DE MATERIA
Término de materia o nombre geográfico como elemento de entrada Climatología e ingeniería ambiental
700 1# - ENTRADA AGREGADA--NOMBRE PERSONAL
Nombre de persona Bellas Velasco, Elena,
Término indicativo de función/relación colaborador.
859 ## - INFORMACIÓN DE CONTROL LOCAL (RLIN)
-- 65640
-- 551.6
-- S39
910 ## - DATOS DE OPCIÓN DEL USUARIO (OCLC)
Datos de opción del usuario gl
-- jv
-- ng
-- 20111011
910 ## - DATOS DE OPCIÓN DEL USUARIO (OCLC)
Datos de opción del usuario dbm
-- sag
-- sag
-- 20190415
942 ## - ELEMENTOS DE ENTRADA SECUNDARIOS (KOHA)
Fuente del sistema de clasificación o colocación Clasificación Decimal Dewey
Tipo de ítem Koha
949 ## - PROCESAMIENTO DE INFORMACIÓN LOCAL (OCLC)
a 551.6 S39 2002
w DEWEY
c 1
i FT02697
d 2017-5-23
e 2017-5-18
l CCODEBUT1
m BUT
n 1
p 84.00
r 0
s Y
t BOOK
u 2016-4-7
x INGENIERIA
-- P24
0 COMPRA
o .CIRCNOTE. Este documento es muy costoso
-- .STAFF. Colección General
949 ## - PROCESAMIENTO DE INFORMACIÓN LOCAL (OCLC)
a 551.6 S39 2002
w DEWEY
c 2
i 63814
f 2018-2-9
g 4
l FIA2
m BUL
p 85.00
r 0
s Y
t BOOK
u 2015-7-6
x INGENIERIA
-- P24
0 COMPRA
o .STAFF. Colección General
949 ## - PROCESAMIENTO DE INFORMACIÓN LOCAL (OCLC)
a 551.6 S39 2002
w DEWEY
c 3
i 65002
d 2018-5-31
e 2015-8-21
f 2018-2-12
g 4
l CCODEBUL1
m BUL
n 2
p 84.00
q 1
r 0
s Y
t BOOK
u 2015-7-6
x INGENIERIA
-- P24
0 COMPRA
o .STAFF. Colección General
949 ## - PROCESAMIENTO DE INFORMACIÓN LOCAL (OCLC)
a 551.6 S39
w DEWEY
c 1
i 56140
f 2018-2-9
g 4
l FIA2
m BUL
p 36.00
r 0
s Y
t BOOK
u 2015-7-6
x INGENIERIA
-- P24
0 COMPRA
o .STAFF. Colección General
949 ## - PROCESAMIENTO DE INFORMACIÓN LOCAL (OCLC)
a 551.6 S39
w DEWEY
c 4
i 65640
d 2016-10-23
e 2016-10-23
f 2018-2-12
g 4
l CCODEBUL1
m BUL
n 1
p 87.00
r 0
s Y
t BOOK
u 2015-7-6
x INGENIERIA
-- P24
0 COMPRA
o .STAFF. Colección General
999 ## - NÚMEROS DE CONTROL DE SISTEMA (KOHA)
-- DEWEY
-- 65640
-- 2021-11-9
-- 3
-- CCODEBUL1
-- BUL
-- 87.00
-- 0
-- Y
-- BOOK
-- 2019-4-15
-- INGENIERIA
-- P24
-- COMPRA
-- .STAFF. Colección Ingeniería y Arquitectura
999 ## - NÚMEROS DE CONTROL DE SISTEMA (KOHA)
-- DEWEY
-- 63814
-- 2021-11-9
-- 8
-- CCODEBUL1
-- BUL
-- 85.00
-- 0
-- Y
-- BOOK
-- 2015-7-6
-- INGENIERIA
-- P24
-- COMPRA
-- .STAFF. Colección General
999 ## - NÚMEROS DE CONTROL DE SISTEMA (KOHA)
-- DEWEY
-- 65002
-- 2015-8-21
-- 2021-11-9
-- 8
-- CCODEBUL1
-- BUL
-- 2
-- 84.00
-- 1
-- 0
-- Y
-- BOOK
-- 2015-7-6
-- INGENIERIA
-- P24
-- COMPRA
-- .STAFF. Colección Ingeniería y Arquitectura
999 ## - NÚMEROS DE CONTROL DE SISTEMA (KOHA)
-- DEWEY
-- 56140
-- 2021-11-9
-- 3
-- CCODEBUL1
-- BUL
-- 36.00
-- 0
-- Y
-- BOOK
-- 2019-4-15
-- INGENIERIA
-- P24
-- COMPRA
-- .STAFF. Colección Ingeniería y Arquitectura
999 ## - NÚMEROS DE CONTROL DE SISTEMA (KOHA)
-- DEWEY
-- FT02697
-- 2017-5-18
-- 2019-2-20
-- 1
-- CCODEBUT1
-- BUT
-- 1
-- 84.00
-- 0
-- Y
-- BOOK
-- 2016-4-7
-- INGENIERIA
-- P24
-- COMPRA
-- .CIRCNOTE. Este documento es muy costoso
-- .STAFF. Colección General
980 ## - EQUIVALENCIA O REFERENCIA-CRUZADA-MENCIÓN DE SERIE--NOMBRE DE PERSONA/TÍTULO [LOCAL, CANADÁ]
ID del último usuario que modificó el registro 1
Nombre del último usuario que modificó el registro ALBERTO SANCHEZ Responsable de Automatización
Existencias
Visto por última vez Número de inventario Total de préstamos Signatura topográfica completa Código de barras Fecha del último préstamo Copia número Coste, precio de reemplazo Fecha de reemplazo Facultad Tipo de ítem Koha Nota pública Estado de pérdida Fuente del sistema de clasificación o colocación Restricciones de uso No para préstamo Colección Programa académico Biblioteca de origen Biblioteca actual Ubicación en estantería Fecha de adquisición Fuente de adquisición Coste, precio normal de compra
2025-12-02 4 2 551.6 S39 65640 2015-08-21 e1 92.00 2019-04-15 FIA Libros físicos inventario-2023-12-13 No Perdido Clasificación Decimal Dewey No restringido Disponible para préstamos Colección General Ingeniería ambiental Biblioteca CRAI UPeU Lima Biblioteca CRAI UPeU Lima Sala principal 2019-04-15 COMPRA 87.00
2025-12-02 9 1 551.6 S39 63814 2017-05-18 e2 90.00 2015-07-06 FIA Libros físicos inventario-2023-12-13 No Perdido Clasificación Decimal Dewey No restringido Disponible para préstamos Colección General Ingeniería ambiental Biblioteca CRAI UPeU Lima Biblioteca CRAI UPeU Lima Sala principal 2015-07-06 COMPRA 85.00
2025-12-02 9   551.6 S39 65002   e3 89.00 2015-07-06 FIA Libros físicos inventario-2023-12-13 No Perdido Clasificación Decimal Dewey No restringido Disponible para préstamos Colección General Ingeniería ambiental Biblioteca CRAI UPeU Lima Biblioteca CRAI UPeU Lima Sala principal 2015-07-06 COMPRA 84.00
2025-12-02 4   551.6 S39 56140   e4 41.00 2019-04-15 FIA Libros físicos inventario-2023-12-13 No Perdido Clasificación Decimal Dewey No restringido Disponible para préstamos Colección General Ingeniería ambiental Biblioteca CRAI UPeU Lima Biblioteca CRAI UPeU Lima Sala principal 2019-04-15 COMPRA 36.00